Loading...
Fine Arts - Auditory Fine Arts | 0 | 8 | 1 | 2 | 75 | 99 | 121.63 | 2 | 6 |
Literature - British Literature | 0 | 5 | 0 | 2 | 50 | 108 | 127.80 | 1 | 4 |
Literature - American Literature | 0 | 5 | 1 | 2 | 45 | 114 | 139.80 | 1 | 5 |
Fine Arts - Visual Fine Arts | 0 | 4 | 0 | 1 | 40 | 95 | 117.00 | 0 | 1 |
Literature - European Literature | 0 | 3 | 1 | 1 | 25 | 127 | 138.67 | 0 | 1 |
Philosophy | 0 | 1 | 0 | 1 | 10 | 137 | 137.00 | 0 | 1 |
Religion | 0 | 1 | 0 | 0 | 10 | 141 | 141.00 | 0 | 0 |
Science - Other Science | 0 | 1 | 0 | 0 | 10 | 105 | 105.00 | 1 | 1 |
Social Science | 0 | 1 | 0 | 0 | 10 | 93 | 93.00 | 0 | 1 |
Geography | 0 | 1 | 0 | 0 | 10 | 87 | 87.00 | 0 | 1 |
History - American History | 0 | 1 | 0 | 0 | 10 | 104 | 104.00 | 1 | 1 |
Mythology | 0 | 1 | 0 | 1 | 10 | 147 | 147.00 | 0 | 0 |
Other Academic | 0 | 1 | 0 | 1 | 10 | 91 | 91.00 | 0 | 1 |
Literature - World Literature | 0 | 1 | 1 | 0 | 5 | 139 | 139.00 | 0 | 1 |